| 000 | 00555nam a2200181 a 4500 | ||
|---|---|---|---|
| 001 | 1771563656655 | ||
| 003 | YourLibrary | ||
| 005 | 20260220105811.0 | ||
| 008 | 260220s2002##################000#0#eng## | ||
| 020 | _a9783906767758 | ||
| 082 | 0 | 4 |
_a338.064 _bTIS |
| 100 | 1 |
_aMerger, Michèle, _eauthor. |
|
| 245 | 1 | 0 | _aTechnological Trajectories, Markets, Institutions : |
| 260 |
_bPeter Lang Gmbh, Internationaler Verlag Der Wissenschaften, _c2002. |
||
| 650 | 0 | _aTechnological innovations. | |
| 942 | _cENGLISH | ||
| 040 |
_aYourLibrary _beng _cYourLibrary |
||
| 999 |
_c613164 _d613164 |
||